[Event "SESI Jogos Mundiais do Trabalhador"]
[Site "Fortaleza"]
[Date "2009.06.20"]
[Round "5.2"]
[White "Keskinen, Sauli"]
[Black "Fagundes, Luiz Gustavo"]
[Result "1/2-1/2"]
[WhiteElo "2310"]
[BlackElo "2074"]
[PlyCount "31"]
[EventDate "2009.06.17"]
[EventType "swiss"]
[EventRounds "5"]
[EventCountry "BRA"]
[SourceTitle "EXT 2022"]
[Source "ChessBase"]
[SourceDate "2021.10.06"]
[SourceVersion "1"]
[SourceVersionDate "2021.10.06"]
[SourceQuality "1"]

1. e4 c6 2. d4 d5 3. exd5 cxd5 4. Bd3 Nc6 5. c3 Nf6 6. Bf4 Bg4 7. Qb3 Qc8 8. Nd2 e6 9. Ngf3 Be7 10. 0-0 Bh5 11. Rae1 Bg6 12. Bxg6 hxg6 13. Ne5 Nxe5 14. Bxe5 Qc6 15. Bxf6 gxf6 16. Nf3 1/2-1/2

[Event "FIN-chT1C 0809"]
[Site "Finland"]
[Date "2008.??.??"]
[Round "1.1"]
[White "Keskinen, Sauli"]
[Black "Lehtosaari, Kalevi"]
[Result "1-0"]
[WhiteElo "2298"]
[BlackElo "2035"]
[PlyCount "69"]
[EventDate "2008.??.??"]
[EventType "team-tourn"]
[EventRounds "5"]
[EventCountry "FIN"]
[SourceTitle "EXT 2022"]
[Source "ChessBase"]
[SourceDate "2021.10.06"]
[SourceVersion "1"]
[SourceVersionDate "2021.10.06"]
[SourceQuality "1"]
[WhiteTeam "Turku TS"]
[BlackTeam "Turku TS II"]
[WhiteTeamCountry "FIN"]
[BlackTeamCountry "FIN"]

1. f4 Nf6 2. Nf3 d5 3. e3 g6 4. b3 Bg7 5. Bb2 0-0 6. Be2 c5 7. 0-0 Nc6 8. Qe1 d4 9. Na3 Nd5 10. Rd1 Ncb4 11. Qh4 Bf5 12. g4 Bxc2 13. Nxc2 Nxc2 14. Rc1 Ncxe3 15. dxe3 Nxe3 16. Rf2 Qd6 17. Ng5 Rfc8 18. Qxh7+ Kf8 19. f5 gxf5 20. Rxf5 Nxf5 21. Qxf5 Qg6 22. Qxg6 fxg6 23. Ne6+ Kg8 24. Bc4 Kh8 25. Rf1 Bf6 26. g5 Be5 27. Rf3 Rab8 28. Rh3+ Kg8 29. Nxd4+ e6 30. Bxe6+ Kf8 31. Bxc8 cxd4 32. Be6 Ke7 33. Bc4 Rd8 34. Ba3+ Ke8 35. Rh7 1-0

[Event "FIN-ch"]
[Site "Helsinki"]
[Date "2007.??.??"]
[Round "1"]
[White "Tiitta, Sauli"]
[Black "Keskinen, Sauli"]
[Result "1/2-1/2"]
[WhiteElo "2204"]
[BlackElo "2336"]
[PlyCount "97"]
[EventDate "2007.??.??"]
[EventType "swiss"]
[EventRounds "9"]
[EventCountry "FIN"]
[SourceTitle "EXT 2010"]
[Source "ChessBase"]
[SourceDate "2010.11.25"]
[SourceVersion "1"]
[SourceVersionDate "2010.11.25"]
[SourceQuality "1"]

1. e4 d6 2. d4 Nf6 3. Nc3 g6 4. Be3 c6 5. a4 Nbd7 6. Nf3 e5 7. Qd2 Ng4 8. Bg5 f6 9. Be3 Nxe3 10. Qxe3 Bg7 11. Bc4 Qe7 12. 0-0 Nb6 13. Bb3 Be6 14. d5 cxd5 15. exd5 Bg4 16. a5 Nd7 17. Ba4 0-0 18. a6 bxa6 19. Bc6 Rab8 20. Rxa6 Nc5 21. Ra2 f5 22. Nd4 f4 23. Qe1 Qg5 24. Ne6 Bxe6 25. dxe6 f3 26. g3 Nxe6 27. Bd5 Qg4 28. Qe3 Kh8 29. Ra4 Nd4 30. Kh1 Rxb2 31. Rg1 Rxc2 32. Ne4 Re2 33. Qd3 Rf5 34. Nxd6 Rxf2 35. Qxf5 Qxf5 36. Nxf5 gxf5 37. g4 fxg4 38. Rxg4 h5 39. Rg5 Rf1+ 40. Rg1 Rxg1+ 41. Kxg1 Ne2+ 42. Kf2 Nc3 43. Ra5 e4 44. Bxe4 Nxe4+ 45. Kxf3 Nf6 46. Rxa7 Kh7 47. Ra6 Kg6 48. Rxf6+ Bxf6 49. h4 1/2-1/2

[Event "FIN-chT 0607"]
[Site "Finland"]
[Date "2006.10.21"]
[Round "3.2"]
[White "Nivala, Tuomas"]
[Black "Keskinen, Sauli"]
[Result "0-1"]
[WhiteElo "2187"]
[BlackElo "2288"]
[PlyCount "80"]
[EventDate "2006.09.14"]
[EventType "team-tourn"]
[EventRounds "9"]
[EventCountry "FIN"]
[SourceTitle "EXT 2022"]
[Source "ChessBase"]
[SourceDate "2021.10.06"]
[SourceVersion "1"]
[SourceVersionDate "2021.10.06"]
[SourceQuality "1"]
[WhiteTeam "Jyvaskyla JyS"]
[BlackTeam "Turku TS"]
[WhiteTeamCountry "FIN"]
[BlackTeamCountry "FIN"]

1. g3 f5 2. Bg2 Nf6 3. c4 d6 4. Nc3 e5 5. d3 Be7 6. e4 c6 7. Nge2 0-0 8. 0-0 Qe8 9. f4 Qh5 10. d4 Nxe4 11. fxe5 dxe5 12. Nxe4 fxe4 13. Rxf8+ Bxf8 14. dxe5 Bg4 15. Qb3 Nd7 16. Qxb7 Bc5+ 17. Kh1 Rf8 18. Nf4 Qxe5 19. Qxc6 e3 20. Qd5+ Kh8 21. h3 Bf5 22. Qxe5 Nxe5 23. b3 Nd3 24. Ne2 Nxc1 25. Rxc1 g5 26. Rd1 Be6 27. Nc3 Bb4 28. Rd3 Bc5 29. Rd1 h6 30. Re1 Bf5 31. Rf1 Kg7 32. g4 Bd3 33. Rxf8 Kxf8 34. Bf3 Bd4 35. Be2 Bc2 36. Nd1 a5 37. Kg1 Ke7 38. Kg2 Kd6 39. Kf3 Ke5 40. Bf1 Bxd1+ 0-1

[Event "FIN-ch"]
[Site "Helsinki"]
[Date "2006.06.18"]
[Round "9"]
[White "Norri, Joose"]
[Black "Keskinen, Sauli"]
[Result "1/2-1/2"]
[WhiteElo "2368"]
[BlackElo "2301"]
[PlyCount "86"]
[EventDate "2006.06.10"]
[EventType "swiss"]
[EventRounds "9"]
[EventCountry "FIN"]
[SourceTitle "CBM 112 Extra"]
[Source "ChessBase"]
[SourceDate "2006.07.14"]
[SourceVersion "1"]
[SourceVersionDate "2006.07.14"]
[SourceQuality "1"]

1. Nf3 f5 2. d4 Nf6 3. g3 e6 4. Bg2 Be7 5. 0-0 0-0 6. c4 d6 7. Nc3 Qe8 8. Re1 Ne4 9. Nxe4 fxe4 10. Ng5 Bxg5 11. Bxg5 Qg6 12. Be3 Nd7 13. f3 Nf6 14. Rc1 Bd7 15. Rc3 Bc6 16. Bf2 Rae8 17. b4 b6 18. b5 Bb7 19. a4 e5 20. dxe5 Rxe5 21. Bd4 Re7 22. f4 Bc8 23. e3 Bg4 24. Qd2 Kh8 25. a5 Qh5 26. axb6 axb6 27. Ra3 Bf3 28. Bf1 Qg4 29. Qf2 h5 30. h3 Qf5 31. Rea1 g5 32. Ra8 Rxa8 33. Rxa8+ Kg7 34. Kh2 Kh7 35. Ra7 Rg7 36. Qb2 gxf4 37. Bxf6 fxg3+ 38. Kg1 Rf7 39. Bd8 Bh1 40. Qe2 Bf3 41. Qb2 Qc8 42. Bg5 Qf5 43. Bd8 g2 1/2-1/2

[Event "FIN-ch"]
[Site "Helsinki"]
[Date "2006.06.17"]
[Round "8"]
[White "Nouro, Mikael"]
[Black "Keskinen, Sauli"]
[Result "0-1"]
[WhiteElo "2362"]
[BlackElo "2301"]
[PlyCount "52"]
[EventDate "2006.06.10"]
[EventType "swiss"]
[EventRounds "9"]
[EventCountry "FIN"]
[SourceTitle "CBM 112 Extra"]
[Source "ChessBase"]
[SourceDate "2006.07.14"]
[SourceVersion "1"]
[SourceVersionDate "2006.07.14"]
[SourceQuality "1"]

1. e4 Nc6 2. Nf3 d5 3. exd5 Qxd5 4. Nc3 Qa5 5. d4 Bg4 6. Bb5 0-0-0 7. Bxc6 bxc6 8. Qd3 c5 9. d5 e6 10. Bd2 c4 11. Qxc4 Bxf3 12. gxf3 exd5 13. Qb3 Re8+ 14. Kd1 Nf6 15. Ne4 Qa6 16. Nxf6 Qxf6 17. Qxd5 c6 18. Qb3 Bc5 19. Kc1 Re2 20. Qc4 Qxf3 21. Rd1 Rd8 22. b4 Qa3+ 23. Kb1 Rdxd2 24. Qg4+ f5 25. Qxf5+ Kb7 26. Qf7+ Re7 0-1

[Event "FIN-ch"]
[Site "Helsinki"]
[Date "2006.06.15"]
[Round "6"]
[White "Pudas, Teemu"]
[Black "Keskinen, Sauli"]
[Result "0-1"]
[WhiteElo "2168"]
[BlackElo "2301"]
[PlyCount "61"]
[EventDate "2006.06.10"]
[EventType "swiss"]
[EventRounds "9"]
[EventCountry "FIN"]
[SourceTitle "CBM 112 Extra"]
[Source "ChessBase"]
[SourceDate "2006.07.14"]
[SourceVersion "1"]
[SourceVersionDate "2006.07.14"]
[SourceQuality "1"]

1. e4 d5 2. d4 dxe4 3. Nc3 Nf6 4. f3 Bf5 5. fxe4 Nxe4 6. Qf3 Nxc3 7. bxc3 e6 8. Qxb7 Nd7 9. Bf4 Bd6 10. Bxd6 cxd6 11. Bb5 Qh4+ 12. Kf1 Rd8 13. Ba4 Be4 14. Bc6 Bxc6 15. Qxc6 0-0 16. Qxd6 e5 17. Nf3 Qe4 18. Nxe5 Qf4+ 19. Kg1 Nf6 20. Qa6 Rxd4 21. Nf3 Re8 22. h3 Qe3+ 23. Kh2 Qf4+ 24. Kg1 Rde4 25. Rf1 Nh5 26. Nd4 Re1 27. Nf3 Qe3+ 28. Kh2 Qf4+ 29. Kg1 R1e2 30. Rh2 Qe3+ 31. Kh1 0-1

[Event "FIN-chT 0506"]
[Site "Finland"]
[Date "2005.11.12"]
[Round "5.2"]
[White "Keskinen, Sauli"]
[Black "Hartikainen, Markku"]
[Result "1/2-1/2"]
[WhiteElo "2259"]
[BlackElo "2284"]
[PlyCount "141"]
[EventDate "2005.09.10"]
[EventType "team-tourn"]
[EventRounds "9"]
[EventCountry "FIN"]
[SourceTitle "EXT 2022"]
[Source "ChessBase"]
[SourceDate "2021.10.06"]
[SourceVersion "1"]
[SourceVersionDate "2021.10.06"]
[SourceQuality "1"]
[WhiteTeam "Turku TS"]
[BlackTeam "Helsinki HSK"]
[WhiteTeamCountry "FIN"]
[BlackTeamCountry "FIN"]

1. e4 c5 2. Nc3 Nc6 3. Bb5 Nd4 4. Bc4 e6 5. Nge2 Nxe2 6. Qxe2 a6 7. a4 Qa5 8. d3 b5 9. Bb3 Ne7 10. 0-0 Nc6 11. axb5 Qxa1 12. bxc6 Qa5 13. e5 Qc7 14. cxd7+ Bxd7 15. Re1 Bc6 16. Qg4 Rd8 17. Ne4 Rd4 18. Be3 Rb4 19. Bd2 Qxe5 20. Bc3 h5 21. Qh3 Rd4 22. f4 Qxf4 23. Bxd4 cxd4 24. Bxe6 Be7 25. Bxf7+ Kd8 26. Qe6 Rh6 27. Bg6 Bd7 28. Qg8+ Qf8 29. Qxf8+ Bxf8 30. Bf7 Rb6 31. b3 g6 32. Nd2 Bb4 33. Re2 Rf6 34. Bd5 a5 35. Nc4 a4 36. bxa4 Bxa4 37. Ne5 Ba3 38. Bb3 Bxb3 39. cxb3 Rb6 40. Kf2 Rxb3 41. Nxg6 Rxd3 42. Nf4 Rd1 43. Re4 Bb2 44. Ke2 Rh1 45. h3 Kd7 46. Nxh5 Kd6 47. Nf4 Bc3 48. Kd3 Kc5 49. Ne6+ Kd5 50. Nf4+ Kc5 51. Re5+ Kd6 52. Rd5+ Kc6 53. Rf5 Ba1 54. g4 Rg1 55. g5 Rg3+ 56. Kc2 d3+ 57. Kd2 Bd4 58. h4 Be3+ 59. Kxd3 Bxf4+ 60. Ke4 Bc1 61. Rf6+ Kd7 62. Kf5 Ke7 63. Kg6 Rg4 64. Rf7+ Ke6 65. Rf1 Bd2 66. Rf2 Be3 67. Re2 Rg3 68. Re1 Ke5 69. Kf7 Rf3+ 70. Kg6 Rg3 71. Rf1 1/2-1/2

[Event "FIN-chT 0506"]
[Site "Finland"]
[Date "2005.09.11"]
[Round "2.3"]
[White "Keskinen, Sauli"]
[Black "Nevanlinna, Risto"]
[Result "0-1"]
[WhiteElo "2259"]
[BlackElo "2306"]
[PlyCount "68"]
[EventDate "2005.09.10"]
[EventType "team-tourn"]
[EventRounds "9"]
[EventCountry "FIN"]
[SourceTitle "EXT 2022"]
[Source "ChessBase"]
[SourceDate "2021.10.06"]
[SourceVersion "1"]
[SourceVersionDate "2021.10.06"]
[SourceQuality "1"]
[WhiteTeam "Turku TS"]
[BlackTeam "Jyvaskyla JyS"]
[WhiteTeamCountry "FIN"]
[BlackTeamCountry "FIN"]

1. Nf3 c5 2. e4 e6 3. d3 d5 4. Nbd2 Nf6 5. g3 Be7 6. Bg2 Nc6 7. 0-0 b6 8. Re1 Bb7 9. c3 h6 10. a3 Qc7 11. b4 0-0 12. e5 Nd7 13. Qe2 d4 14. cxd4 cxb4 15. Ne4 Rfd8 16. axb4 Nxb4 17. Ba3 Nf8 18. Rec1 Qd7 19. Rab1 Nxd3 20. Qxd3 Bxa3 21. Nf6+ gxf6 22. Qxa3 Be4 23. Ra1 f5 24. Qe3 Kh7 25. Rc4 Rac8 26. Rca4 a5 27. Ne1 Bxg2 28. Nxg2 Ng6 29. d5 Qxd5 30. Qxb6 Nxe5 31. Rxa5 Nf3+ 32. Kh1 Qd2 33. Qe3 Qxa5 34. Rxa5 Rd1+ 0-1

[Event "FIN-chT 0405"]
[Site "Finland"]
[Date "2004.10.09"]
[Round "3.3"]
[White "Tolonen, Leo Toivovich"]
[Black "Keskinen, Sauli"]
[Result "1/2-1/2"]
[WhiteElo "2380"]
[BlackElo "2215"]
[PlyCount "96"]
[EventDate "2004.09.18"]
[EventType "team-tourn"]
[EventRounds "9"]
[EventCountry "FIN"]
[SourceTitle "EXT 2022"]
[Source "ChessBase"]
[SourceDate "2021.10.06"]
[SourceVersion "1"]
[SourceVersionDate "2021.10.06"]
[SourceQuality "1"]
[WhiteTeam "Tampere SY"]
[BlackTeam "Turku TS"]
[WhiteTeamCountry "FIN"]
[BlackTeamCountry "FIN"]

1. Nf3 f5 2. b3 Nf6 3. Bb2 g6 4. g3 Bg7 5. Bg2 0-0 6. 0-0 d6 7. d4 Qe8 8. Nbd2 h6 9. Re1 d5 10. c4 c6 11. Ne5 g5 12. Rc1 Nbd7 13. cxd5 cxd5 14. Rc7 Ne4 15. f3 Nxe5 16. dxe5 Qd8 17. Rxc8 Rxc8 18. fxe4 dxe4 19. e3 Qa5 20. Bf1 Rfd8 21. Bd4 b5 22. a4 a6 23. Re2 e6 24. g4 Qb4 25. gxf5 exf5 26. axb5 axb5 27. Kg2 Rxd4 28. exd4 Qxd4 29. b4 Bxe5 30. Qb3+ Kg7 31. Qe6 Rf8 32. Nb3 Qc3 33. Rf2 e3 34. Ra2 Qc7 35. Nc5 Bxh2 36. Qxe3 Re8 37. Qh3 Bd6 38. Qxf5 Bxc5 39. Qxc5 Qxc5 40. bxc5 Rc8 41. Rc2 b4 42. Bd3 b3 43. Rc3 Kf6 44. Kf3 Ke5 45. Ke3 b2 46. Be4 Rc6 47. Bb1 h5 48. Kd3 g4 1/2-1/2

[Event "Heart of Finland op 14th"]
[Site "Jyvaskyla"]
[Date "2004.07.25"]
[Round "9"]
[White "Hokkanen, Petri"]
[Black "Keskinen, Sauli"]
[Result "1-0"]
[WhiteElo "2311"]
[BlackElo "2215"]
[PlyCount "67"]
[EventDate "2004.07.21"]
[EventType "swiss"]
[EventRounds "9"]
[EventCountry "FIN"]
[SourceTitle "EXT 2007"]
[Source "ChessBase"]
[SourceDate "2006.11.23"]
[SourceVersion "1"]
[SourceVersionDate "2006.11.23"]
[SourceQuality "1"]

1. e4 d6 2. d4 Nf6 3. Nc3 g6 4. Nf3 Bg7 5. Be2 0-0 6. 0-0 c6 7. a4 Nbd7 8. h3 e5 9. dxe5 dxe5 10. Be3 Qe7 11. Qd3 Nh5 12. Rfd1 Nf4 13. Qd6 Nxe2+ 14. Nxe2 Bf6 15. Qc7 Qb4 16. Bh6 Re8 17. Rxd7 Bxd7 18. Qxd7 Qxe4 19. Ng3 Qxc2 20. Qxb7 Reb8 21. Qc7 Rxb2 22. Rf1 Re8 23. Qxa7 Ra2 24. a5 c5 25. Qb7 Qa4 26. Ne4 Bg7 27. Nfg5 Rf8 28. Bxg7 Kxg7 29. Ne6+ Kg8 30. Nf6+ Kh8 31. Nxf8 Kg7 32. Qe7 Ra1 33. Ne6+ Kh6 34. Qf8# 1-0

[Event "Heart of Finland op 14th"]
[Site "Jyvaskyla"]
[Date "2004.07.22"]
[Round "3"]
[White "Keskinen, Sauli"]
[Black "Sofiev, Alexey"]
[Result "1-0"]
[WhiteElo "2215"]
[BlackElo "2073"]
[PlyCount "97"]
[EventDate "2004.07.21"]
[EventType "swiss"]
[EventRounds "9"]
[EventCountry "FIN"]
[SourceTitle "EXT 2007"]
[Source "ChessBase"]
[SourceDate "2006.11.23"]
[SourceVersion "1"]
[SourceVersionDate "2006.11.23"]
[SourceQuality "1"]

1. e4 c5 2. Nc3 e6 3. f4 a6 4. g3 Nc6 5. Bg2 b5 6. d3 Bb7 7. Nh3 Nge7 8. Be3 Qb6 9. e5 Nf5 10. Qd2 Nxe3 11. Qxe3 Nxe5 12. Bxb7 Qxb7 13. Ne4 Nc6 14. c3 Qa7 15. f5 h6 16. Nf4 0-0-0 17. a4 b4 18. fxe6 dxe6 19. 0-0 g5 20. Ng2 f5 21. Nf2 Qd7 22. Rfe1 Re8 23. Rec1 bxc3 24. bxc3 e5 25. Rab1 Bd6 26. Rb6 Kc7 27. Rb2 Rb8 28. Rbc2 f4 29. Qe4 Qh7 30. Qd5 Qg8 31. Qe4 Qh7 32. Qd5 Ne7 33. Qc4 Rb6 34. a5 Rc6 35. Ne4 Qg8 36. Qa4 Qd5 37. Rd1 Nf5 38. Rb2 f3 39. Ne1 Ne3 40. Rdb1 Kd7 41. Nf6+ Ke6 42. Nxd5 Kxd5 43. Qe4+ Ke6 44. Qxc6 g4 45. Rb6 Nf5 46. Qxc5 h5 47. Rxd6+ Nxd6 48. Rb6 Rd8 49. Rxa6 1-0